8 de agosto de 1828. Un día histórico como cualquiera.
Uloženo v:
| Hlavní autor: | |
|---|---|
| Médium: | Kniha |
| Vydáno: |
Santiago, Chile:
Orjikh,
2022.
|
| Edice: | Colección Puerto de Ideas.
|
| Témata: | |
| Tagy: |
Přidat tag
Žádné tagy, Buďte první, kdo vytvoří štítek k tomuto záznamu!
|
MARC
| LEADER | 00000nam a22000007a 4500 | ||
|---|---|---|---|
| 003 | CL-VaPUC | ||
| 005 | 20240503125353.0 | ||
| 008 | 240419t2022 ||||| |||| 00| 0 eng d | ||
| 999 | |c 443556 |d 443554 | ||
| 020 | |a 978-956-9058-54-7 | ||
| 040 | |c Pontificia Universidad Católica de Valparaíso | ||
| 082 | 0 | 4 | |2 22 |a 983 SAG 2022 |
| 100 | 1 | |a Sagredo Baeza, Rafael |9 576750 |e autor | |
| 245 | 1 | 0 | |a 8 de agosto de 1828. |b Un día histórico como cualquiera. |
| 260 | |a Santiago, Chile: |b Orjikh, |c 2022. | ||
| 300 | |a 135 páginas. | ||
| 490 | 0 | |a Colección Puerto de Ideas. | |
| 500 | |a c.1 Donación Profesor Ricardo Iglesias S. (Director). MEM HIS / 005 -9-4-2024 | ||
| 583 | |c 20240419 |k GC | ||
| 650 | 1 | |a Historia de Chile |y Siglo 19 |9 888620 | |
| 650 | 1 | |a Congreso constituyente |z Chile |y 1828 |9 888621 | |
| 650 | 1 | |a Constitución política de 1828 |9 396466 | |
| 651 | |a Chile |x Política y gobierno |y Siglo 19 |9 869365 | ||
| 942 | |2 ddc |c BK | ||
| 952 | |0 0 |1 0 |2 ddc |4 0 |6 983_000000000000000_SAG_2022 |7 0 |8 A |9 594143 |a BIBHIS |b BIBHIS |d 2024-04-19 |e Donación |i 5660770 |o 983 SAG 2022 |p 5660770 |r 2025-01-20 |t 1 |w 2024-04-19 |y BK |k HIS | ||